Historický úspech čs. orientačných bežcov

Bibliographic Details
Main Author: Nagy, Juraj (Author)
Format: Article
Language:Slovak
Subjects:

MARC

LEADER 00000nab a2200000 a 4500
001 vtls000161054
003 SK-MaSNL
005 20260303073100.0
008 160202c1983 xo 0 slo
015 |a SNBRB19rr/mm-uuuuu 
035 |a CL0171164 
040 |a SNKBUCL  |b slo  |c SNKBUCL  |e AACR2 
041 0 |a slo 
044 |a xo  |c SK 
080 |a 796.56.093.1(100)  |2 1981 
100 1 |a Nagy, Juraj  |4 aut  |9 5396 
245 1 0 |a Historický úspech čs. orientačných bežcov  |c Juraj Nagy 
650 0 7 |a orientačný beh  |2 snkbucl  |9 23503 
655 7 |a články z novín a časopisov  |2 snkbucl  |9 267496 
773 0 |t Šport  |g Roč. 37, č. 209 (5. 9. 1983), s. 6 
850 |a Slovenská národná knižnica v Martine  |a MTA001 
852 |a SNK  |b KIS3GCP 
958 |a RK 
958 |a HU 
992 |a RBX 
999 |c 1766310  |d 1768240